| 000 | 01552cam a2200481 a 4500 | ||
|---|---|---|---|
| 001 | 22775 | ||
| 003 | CZ PrNK | ||
| 005 | 20260423130721.0 | ||
| 007 | ta | ||
| 008 | 070828s2007 xr a g f 000 0 cze d | ||
| 015 | _acnb001715218 | ||
| 020 |
_a9788024908892 _q(váz.) |
||
| 035 | _a(OCoLC)190752214 | ||
| 040 |
_aKLG001 _bcze _dBOA001 _dOLA001 |
||
| 041 | 1 |
_acze _hita |
|
| 072 | 7 |
_a74 _xKresba. Umělecká řemesla _2Konspekt |
|
| 080 |
_a745 _2MRF |
||
| 080 |
_a688.78/.79 _2MRF |
||
| 080 |
_a645.46/.49 _2MRF |
||
| 080 |
_a(035) _2MRF |
||
| 080 |
_a(084.11) _2MRF |
||
| 245 | 0 | 0 |
_aOriginální ruční dekorace / _c[z italského originálu ... přeložila Klára Žejdlová] |
| 246 | 3 | 0 | _aRuční dekorace |
| 250 | _aVyd. 1. | ||
| 260 |
_aV Praze : _bIkar, _c2007 |
||
| 300 |
_a263 s. : _bil. (převážně barev.) ; _c27 cm |
||
| 650 | 0 | 7 |
_avýtvarné práce _2czenas |
| 650 | 0 | 7 |
_adekorační předměty _2czenas |
| 650 | 0 | 7 |
_abytové doplňky _2czenas |
| 650 | 0 | 9 |
_ahandicraft _2eczenas |
| 650 | 0 | 9 |
_adecorative articles _2eczenas |
| 650 | 0 | 9 |
_ahouse accessories _2eczenas |
| 655 | 7 |
_apříručky _2czenas |
|
| 655 | 7 |
_aobrazové publikace _2czenas |
|
| 655 | 9 |
_ahandbooks and manuals _2eczenas |
|
| 655 | 9 |
_apictorial works _2eczenas |
|
| 700 | 1 |
_aŽejdlová, Klára, _d1974- _4trl |
|
| 765 | 0 | _tGrande libro della decorazione | |
| 856 | 4 | 1 |
_uhttps://ndk.cz/uuid/uuid:0ccabce0-5208-11e9-936e-005056827e52 _yDigitalizovaný dokument |
| 901 |
_b9788024908892 _f1. vyd. _o20071227 |
||
| 910 | _aABA001 | ||
| 942 |
_2ddc _cOLDO _n0 |
||
| 999 |
_c22775 _d22775 |
||